Score 0/7 Timer 06:00
0 Plays Today
Question Answer Wrong Answers
___ of the Blood Beast Night
90.9%
Day
3%
Hour
0%
Time
6.1%
Escape ___ 2000
69.7%
1999
6.1%
3000
12.1%
1990
3%
___ Laserblast
69.7%
Fireblast
6.1%
Rayblast
3%
Gammablast
12.1%
Mystery Science Theater 300: The Movie: This Island ___ Earth
63.6%
Paradise
12.1%
Creature
3%
Vacation
12.1%
The ___ Man Brute
54.5%
Big
9.1%
Evil
24.2%
Tiny
9.1%
___ and the Warriors from Hell Deathstalker
54.5%
Ator
9.1%
Sinbad
12.1%
Hercules
18.2%
The Incredible ___ Man Melting
51.5%
Star
3%
Freezing
9.1%
Shrinking
27.3%
Remove Ads.
Support Sporcle.
Get the best of Sporcle when you Go Orange. This ad-free experience offers more features, more stats, and more fun while also helping to support Sporcle. Thank you for becoming a member.

You're not logged in!

Compare scores with friends on all Sporcle quizzes.
OR
Log In

Show Comments

Extras

Top Quizzes Today


Score Distribution

Your Account Isn't Verified!

In order to create a playlist on Sporcle, you need to verify the email address you used during registration. Go to your Sporcle Settings to finish the process.

Report this User

Report this user for behavior that violates our Community Guidelines.

Details: